Od masy až k masovému umeniu (3/3) Masové umenie - princípy konzumu

Bibliographic Details
Main Author: Sadloň, Dušan ?1976-2002 (Author)
Format: Article
Language:Slovak
ISSN:1210-2210
Subjects:

MARC

LEADER 00000nab a2200000 a 4500
001 vtls000890937
003 SK-MaSNL
005 20260304180350.0
008 250429c2003 xo mr|p|||||||000 b|slo
015 |a SNBRB2004/12  |2 snkbucl 
035 |a (uuid)e1143392-ed5b-4043-b579-3bd8da49386b 
035 |a urn:nbn:sk:snk-abby1i 
035 |a (urnnbn)urn:nbn:sk:snk:ar-003y4l 
038 |a SNKBUCL 
040 |a SNKBUCL  |b slo  |c SNKBUCL  |e AACR2 
041 0 |a slo 
044 |a xo  |c SK 
080 |a 008  |2 1997 
100 1 |a Sadloň, Dušan  |d ?1976-2002  |4 aut  |9 841740 
245 1 0 |a Od masy až k masovému umeniu  |n (3/3)  |p Masové umenie - princípy konzumu  |c Dušan Sadloň 
504 |a Bibliogr. odkazy 
650 0 7 |a masová kultúra  |2 snkbucl  |9 29544 
773 0 |t Dotyky  |g Roč. XV, č. 1 (2003), s. 66-70  |x 1210-2210 
850 |a Slovenská národná knižnica 
852 |a Slovenská národná knižnica 
958 |a article15 
958 |a OND 
958 |a NB 
958 |a EUIPO 
999 |c 3017721  |d 3019651